| 000 | 00645nam a2200193Ia 4500 | ||
|---|---|---|---|
| 003 | IN-BaIIA | ||
| 008 | 211028s9999 xx 000 0 eng d | ||
| 020 | _a0-07-063753-9 | ||
| 040 | _cIIA Library | ||
| 080 |
_a621.3.049 _bDIG |
||
| 245 | 0 |
_aDigital integrated circuits and operational-amplifier and optoelectronic circuits design _cedited by Bryan Norris |
|
| 260 |
_aNew York _bMcGraw-Hill _c1976 |
||
| 300 | _a206p. | ||
| 650 |
_aIntegrated circuits _93314 |
||
| 650 |
_aOperational amplifiers _99662 |
||
| 650 |
_aOptoelectronic circuits _99663 |
||
| 700 |
_aNorris, Bryan., ed. _99664 |
||
| 942 | _cBK | ||
| 999 |
_c5556 _d5556 |
||